Word Ladder: US Capital Quiz Stats

 Plays Quiz Updated May 21, 2016

Challenge
Share
Tweet
Embed
Score 0/11 Timer 01:00
1 Play Today
Clue 4-Letter Word % Correct
'When you ____ upon a star'WISH
98.7%
⭐ Use of water to remove dirt and grime ⭐⭐ WASH ⭐
95.1%
An assist, in basketball lingoDISH
77.3%
Frisbee shapeDISK
73.7%
Fork prongTINE
73.3%
A clue to a problemHINT
70%
Ringing soundDING
66.3%
Color varietyTINT
65.8%
⭐ Quality or character of sound ⭐⭐ TONE ⭐
65%
In volleyball, a softly hit ball that falls just over the netDINK
57.5%
⭐ An alternate name for the spice Asafoetida ⭐⭐ HING ⭐
50.5%

Today's Daily Dose

You're not logged in!

Compare scores with friends on all Sporcle quizzes.
Join for Free
OR
Log In

You Might Also Like...

Show Comments

Extras

Top Quizzes Today


Score Distribution

Your Account Isn't Verified!

In order to create a playlist on Sporcle, you need to verify the email address you used during registration. Go to your Sporcle Settings to finish the process.

Report this User

Report this user for behavior that violates our Community Guidelines.

Details: